| 000 | 00505nam a2200181Ia 4500 | ||
|---|---|---|---|
| 003 | LK-CoDNM | ||
| 008 | 010623t1998 xxu||||| |||| 00| 1 sin d | ||
| 040 |
_aLK-CoDNM _dLK-CoDNM _eLK-CoDNM |
||
| 041 | _asin | ||
| 080 | _a133.52 WIL | ||
| 100 | _aWilliam,R.H. | ||
| 245 | _aකේන්දර බලන හැටි,සිංහ ලග්නය | ||
| 246 | _aKendra Balana Heti-5 : Sinha Lagnaya | ||
| 260 |
_bGunasena _aColombo _c1998 |
||
| 300 | _b69p., 21 cm | ||
| 650 | _aAstrology | ||
| 942 | _cBK | ||
| 999 |
_c118828 _d118828 |
||